Sistema de Gestión integral de créditos prendarios
La presente investigación orientada al desarrollo de un sistema versátil dinámico e innovador para mantener el liderazgo en el otorgamiento de los de los préstamos que permita la integración de la información de todas las sucursales y la comunicación fluida con los demás sistemas.
| Main Author: | |
|---|---|
| Other Authors: | |
| Format: | Tesis Section = Libro |
| Language: | Undetermined Spanish |
| Published: |
Managua
UNI
2013
|
| Subjects: |
| LEADER | 01199nam a2200253Ia 4500 | ||
|---|---|---|---|
| 008 | 240830s9999 xx 000 0 und d | ||
| 040 | |a BIBLIOTECA-RUPAP M.Mon 025.04 M538 | ||
| 041 | |a spa | ||
| 082 | |a M.Mon 025.04 M538 | ||
| 100 | 1 | |a Méndez Gutiérrez, Vera Luz | |
| 245 | 1 | 0 | |a Sistema de Gestión integral de créditos prendarios |
| 260 | |a Managua |b UNI |c 2013 | ||
| 300 | |a 67 p. :il. | ||
| 500 | |a Contiene: anexos. | ||
| 502 | |a Tesis (Máster en Informática Empresarial)- UNI, 2013. | ||
| 520 | 3 | |a La presente investigación orientada al desarrollo de un sistema versátil dinámico e innovador para mantener el liderazgo en el otorgamiento de los de los préstamos que permita la integración de la información de todas las sucursales y la comunicación fluida con los demás sistemas. | |
| 650 | 7 | |a DISEÑO Y DESARROLLO DE SISTEMAS DE INFORMACION - AUTOMATIZADO | |
| 650 | 7 | |b SISTEMAS DE GESTORES - BASE DE DATOS - CREDITOS PRENDARIOS | |
| 650 | 7 | |c ESTUDIO DE VIABILIDAD - USUARIOS - TECNOLOGIA | |
| 650 | 7 | |d ORGANIZACION INTERNA - INFORMACION - ATENCION AL CLIENTE | |
| 700 | 1 | |a Tutor: |b Díaz Batista, José Antonio | |
| 942 | |c BK |2 ddc | ||
| 991 | |a TESIS | ||
| 999 | |c 15180 | ||